000 01304nam0a22002771 4500
001 rc\3018250
005 20250806201320.0
035 _a(NLR Aleph) 007160470
090 _a20549
_c20549
100 _a20110926d1944 u y0rusy50 ca
101 0 _arus
102 _aRU
105 _aa z |||||
200 1 _aИнформационный сборник рационализаторских предложений по ремонту и эксплоатации газогенераторных автомобилей и тракторов
210 _aМосква
_cГослестехиздат
_d1944
_gтип. Профиздата
215 _a21 с., включ. 1 с. обл.
_cчерт.
_d20 см
225 1 _aМатериалы конкурса по лесозаготовкам
_fБюро по делам изобретательства Наркомлеса СССР
_vВып. 1
300 _aБез тит. л.
712 0 1 _aСССР
_bНародный комиссариат лесной промышленности
_bБюро изобретательства
_4570
801 0 _aRU
_bNLR
_gpsbo
801 1 _aRU
_bELAR
_2rusmarc
852 _aNLR
_bС
_j20 Г-4/176(1)
942 _cBOOK
945 _aРоссийская национальная библиотека
980 _aNB
980 _aBV